[Event "Landesklasse West 2012/2013"]
[Site "?"]
[Date "2013.01.06"]
[Round "5"]
[White "Feld-Gerdes, Wolfgang"]
[Black "Willner, Holger"]
[Result "0-1"]
[WhiteElo "2009"]
[BlackElo "1838"]
[PlyCount "97"]
[EventDate "2013.??.??"]
[WhiteTeam "SC Suhl"]
[BlackTeam "SG Trusetal 92"]

1. e4 e6 2. d4 d5 3. e5 c5 4. Nf3 Nc6 5. Bd3 Bd7 6. O-O cxd4 7. Re1 Nge7 8.
Nbd2 Ng6 9. Nf1 Be7 10. a3 O-O 11. Ng3 f6 12. Bxg6 hxg6 13. Qd3 f5 14. Nxd4 Rc8
15. c3 g5 16. Bd2 g6 17. Nxc6 bxc6 18. c4 Kg7 19. b4 Rh8 20. Rac1 Rh4 21. Nf1
Rb8 22. Rc2 c5 23. bxc5 dxc4 24. Rxc4 Bb5 25. Qxd8 Rxd8 26. Rxh4 gxh4 27. Be3
g5 28. f4 gxf4 29. Bxf4 Bxc5+ 30. Be3 Bxe3+ 31. Nxe3 Rd3 32. Kf2 Rxa3 33. Kf3
Kg6 34. Rc1 Rd3 35. Rc8 a5 36. Rg8+ Kf7 37. Rb8 Bc6+ 38. Ke2 Rd7 39. Rb6 Rc7
40. Nc4 Bxg2 41. Nxa5 Rc5 42. Kf2 Rxa5 43. Kxg2 Rxe5 44. Rb4 Re4 45. Rxe4 fxe4
46. Kh3 e3 47. Kg2 Kf6 48. Kf3 Kf5 49. h3 0-1

[Event "Landesklasse West 2012/2013"]
[Site "?"]
[Date "2013.01.06"]
[Round "5"]
[White "Schley, Thomas"]
[Black "Berghof, Axel"]
[Result "0-1"]
[WhiteElo "1720"]
[BlackElo "2010"]
[PlyCount "86"]
[EventDate "2013.??.??"]
[WhiteTeam "SG Trusetal 92"]
[BlackTeam "SC Suhl"]

1. d4 d6 2. Nf3 f5 3. c4 Nf6 4. Nc3 e6 5. Qc2 Be7 6. e4 O-O 7. exf5 exf5 8. Bd3
g6 9. O-O c6 10. Bh6 Re8 11. Rfe1 Na6 12. a3 Nc7 13. h3 Ne6 14. Rad1 Nh5 15.
Bc1 Bf6 16. d5 Nd4 17. Nxd4 Bxd4 18. Be2 Be5 19. Bxh5 gxh5 20. f4 Bd4+ 21. Kh1
Rxe1+ 22. Rxe1 Bd7 23. dxc6 bxc6 24. Rd1 c5 25. Ne2 Bf2 26. Qd3 Bc6 27. Qxd6
Qxd6 28. Rxd6 Re8 29. Nc3 Re1+ 30. Kh2 h4 31. Ne2 Rxe2 32. Bd2 Bg3+ 33. Kg1
Rxg2+ 34. Kf1 Rf2+ 35. Kg1 Be4 36. Be3 Rh2 37. Kf1 Rxb2 38. Bxc5 Bf3 39. Rd8+
Kf7 40. Rd7+ Ke8 41. Re7+ Kd8 42. Bb4 Rxb4 43. axb4 Kxe7 0-1

[Event "Landesklasse West 2012/2013"]
[Site "?"]
[Date "2013.01.06"]
[Round "5"]
[White "Koch, Stefan"]
[Black "Zentgraf, Torsten"]
[Result "1-0"]
[WhiteElo "1868"]
[BlackElo "1671"]
[PlyCount "73"]
[EventDate "2013.??.??"]
[WhiteTeam "SC Suhl"]
[BlackTeam "SG Trusetal 92"]

1. e4 c6 2. d4 g6 3. f4 Bg7 4. Nf3 d6 5. Bd3 Nf6 6. O-O O-O 7. Kh1 Nbd7 8. e5
dxe5 9. fxe5 Nd5 10. Qe1 Nc7 11. Qh4 Nb6 12. Ng5 h5 13. Nc3 Nbd5 14. Ne2 Ne6
15. Nxe6 Bxe6 16. Bd2 Qd7 17. Ng3 f5 18. Ne2 b5 19. Qg3 Kh7 20. c3 Bf7 21. b3
Bh6 22. Bxh6 Kxh6 23. h4 e6 24. c4 Nb4 25. Qf4+ Kh7 26. Rf3 Nxd3 27. Rxd3 a6
28. Ng1 Rfd8 29. Nf3 Be8 30. Ng5+ Kg7 31. Rad1 Qe7 32. d5 cxd5 33. cxd5 exd5
34. Rxd5 Rxd5 35. Rxd5 Rd8 36. Rxd8 Qxd8 37. Ne6+ 1-0

[Event "Landesklasse West 2012/2013"]
[Site "?"]
[Date "2013.01.06"]
[Round "5"]
[White "Voigt, Uwe"]
[Black "Fuhrmann, Christian"]
[Result "0-1"]
[WhiteElo "1514"]
[BlackElo "1797"]
[PlyCount "90"]
[EventDate "2013.??.??"]
[WhiteTeam "SG Trusetal 92"]
[BlackTeam "SC Suhl"]

1. b4 Nf6 2. Bb2 e6 3. b5 d5 4. e3 Nbd7 5. Nf3 Bd6 6. Be2 O-O 7. O-O c5 8. bxc6
bxc6 9. c4 e5 10. h3 a5 11. Ba3 c5 12. d4 e4 13. Nfd2 Qe7 14. Nb3 Rd8 15. N1d2
a4 16. Nxc5 Nxc5 17. Bxc5 Bxc5 18. dxc5 d4 19. exd4 Rxd4 20. Qc2 Bf5 21. Qc3
Rad8 22. Rfd1 Qxc5 23. Nf1 Be6 24. Ne3 h6 25. Rxd4 Qxd4 26. Qxd4 Rxd4 27. Rd1
Rxd1+ 28. Nxd1 Nd7 29. Nc3 Nc5 30. Kf1 f5 31. f3 exf3 32. gxf3 Kf7 33. f4 g5
34. fxg5 hxg5 35. Kf2 Kf6 36. Ke3 Ke5 37. Nb5 f4+ 38. Kf3 Bxh3 39. Bd1 Be6 40.
Nc3 g4+ 41. Kg2 Bd7 42. Nb5 Bc6+ 43. Kf2 g3+ 44. Kf1 f3 45. Nc3 g2+ 0-1

[Event "Landesklasse West 2012/2013"]
[Site "?"]
[Date "2013.01.06"]
[Round "5"]
[White "Will, Ralph"]
[Black "Pastowski, Lukas"]
[Result "1/2-1/2"]
[WhiteElo "1747"]
[BlackElo "1177"]
[PlyCount "77"]
[EventDate "2013.??.??"]
[WhiteTeam "SC Suhl"]
[BlackTeam "SG Trusetal 92"]

1. d4 f5 2. c4 e6 3. g3 Nf6 4. Bg2 d6 5. Nf3 Nc6 6. O-O Be7 7. a3 O-O 8. Qc2
Bd7 9. Nc3 e5 10. dxe5 dxe5 11. Bg5 e4 12. Ne1 Nd4 13. Qd1 Be6 14. b3 a6 15. e3
Nc6 16. Qc2 h6 17. Bxf6 Bxf6 18. Rd1 Qe7 19. Nd5 Bxd5 20. cxd5 Ne5 21. b4 Rad8
22. Qb3 Kh7 23. f3 exf3 24. Nxf3 Nxf3+ 25. Bxf3 Bg5 26. Rfe1 c6 27. e4 fxe4 28.
Bxe4+ Kh8 29. Bg2 Qf6 30. Rf1 Qg6 31. Rxf8+ Rxf8 32. d6 Qf6 33. Qd3 Qf2+ 34.
Kh1 Re8 35. d7 Re1+ 36. Rxe1 Qxe1+ 37. Bf1 Qe7 38. h4 Bf6 39. Kh2 1/2-1/2

[Event "Landesklasse West 2012/2013"]
[Site "?"]
[Date "2013.01.06"]
[Round "5"]
[White "Hepp, Ingolf"]
[Black "Müller, Bernd"]
[Result "1/2-1/2"]
[WhiteElo "1477"]
[BlackElo "1720"]
[PlyCount "65"]
[EventDate "2013.??.??"]
[WhiteTeam "SG Trusetal 92"]
[BlackTeam "SC Suhl"]

1. e4 d5 2. exd5 Qxd5 3. Nc3 Qa5 4. d4 Nf6 5. Nf3 Bg4 6. Qd3 Nc6 7. Qb5 Bxf3 8.
gxf3 O-O-O 9. Qxa5 Nxa5 10. Be3 Nc6 11. O-O-O g6 12. Bh3+ Kb8 13. Ne2 Bg7 14.
c3 Rhe8 15. Bg2 e5 16. Rd2 exd4 17. Nxd4 Nxd4 18. Bxd4 Nh5 19. Be3 Rxd2 20.
Kxd2 f5 21. Re1 b6 22. Bg5 Rxe1 23. Kxe1 h6 24. Bd2 f4 25. Bf1 g5 26. Bd3 Nf6
27. Bf5 Ne8 28. Bg6 Nd6 29. h4 Nc4 30. hxg5 hxg5 31. b3 Nd6 32. Ke2 c5 33. c4
1/2-1/2

[Event "Landesklasse West 2012/2013"]
[Site "?"]
[Date "2013.01.06"]
[Round "5"]
[White "Gast, Rainer"]
[Black "Klingler, Lutz"]
[Result "1/2-1/2"]
[WhiteElo "1950"]
[BlackElo "1979"]
[PlyCount "24"]
[EventDate "2013.??.??"]
[WhiteTeam "SV Breitenworbis"]
[BlackTeam "SV Schmalkalden 04"]

1. d4 g6 2. c4 Bg7 3. Nc3 d6 4. e4 Nc6 5. Be3 e5 6. d5 Nce7 7. c5 f5 8. Nf3 Nf6
9. Bb5+ Kf8 10. cxd6 cxd6 11. O-O f4 12. Bd2 h6 1/2-1/2

[Event "Landesklasse West 2012/2013"]
[Site "?"]
[Date "2013.01.06"]
[Round "5"]
[White "Bamberg, Alexander"]
[Black "Bötticher, Heinz-Wilfried"]
[Result "1-0"]
[WhiteElo "1855"]
[BlackElo "1800"]
[PlyCount "69"]
[EventDate "2013.??.??"]
[WhiteTeam "SV Schmalkalden 04"]
[BlackTeam "SV Breitenworbis"]

1. e4 c5 2. Nf3 Nc6 3. d4 cxd4 4. Nxd4 Nf6 5. Nc3 e5 6. Ndb5 d6 7. Bg5 a6 8.
Na3 b5 9. Bxf6 gxf6 10. Nd5 f5 11. Bd3 Be6 12. Qh5 Bg7 13. c3 f4 14. Nc2 Ne7
15. Ncb4 O-O 16. O-O a5 17. Nxe7+ Qxe7 18. Nd5 Bxd5 19. exd5 e4 20. Bxb5 Rab8
21. a4 f5 22. Rfe1 Rf6 23. Qe2 Rh6 24. f3 Qh4 25. h3 e3 26. Qc2 Rf8 27. Re2 Rg6
28. Kh1 Rg3 29. Rf1 Rf6 30. b4 Qh5 31. bxa5 Rfg6 32. a6 Rxh3+ 33. gxh3 Qxh3+
34. Rh2 Qg3 35. Qg2 1-0

[Event "Landesklasse West 2012/2013"]
[Site "?"]
[Date "2013.01.06"]
[Round "5"]
[White "Hermann, Ingo"]
[Black "Lesser, Thomas"]
[Result "1/2-1/2"]
[WhiteElo "1835"]
[BlackElo "1845"]
[PlyCount "31"]
[EventDate "2013.??.??"]
[WhiteTeam "SV Breitenworbis"]
[BlackTeam "SV Schmalkalden 04"]

1. e4 e5 2. Nf3 Nc6 3. Nc3 Bc5 4. Nxe5 Nf6 5. Nxc6 dxc6 6. d3 Ng4 7. Be3 Nxe3
8. fxe3 Bxe3 9. Qf3 Qg5 10. Be2 Be6 11. h4 Bd2+ 12. Kf1 Qe3 13. Qxe3 Bxe3 14.
Bf3 O-O-O 15. Ke2 Bd4 16. Nd1 1/2-1/2

[Event "Landesklasse West 2012/2013"]
[Site "?"]
[Date "2013.01.06"]
[Round "5"]
[White "Klein, Matthias"]
[Black "Leibeling, Lucian"]
[Result "1/2-1/2"]
[WhiteElo "1757"]
[BlackElo "1851"]
[PlyCount "21"]
[EventDate "2013.??.??"]
[WhiteTeam "SV Schmalkalden 04"]
[BlackTeam "SV Breitenworbis"]

1. Nf3 c5 2. g3 Nc6 3. Bg2 g6 4. O-O Bg7 5. e4 d6 6. d3 e5 7. Nc3 Nge7 8. Be3
O-O 9. Qd2 Nd4 10. Ne1 Be6 11. Ne2 1/2-1/2

[Event "Landesklasse West 2012/2013"]
[Site "?"]
[Date "2013.01.06"]
[Round "5"]
[White "Petiko, Nikolai"]
[Black "Krannich, Steffen"]
[Result "1/2-1/2"]
[WhiteElo "1912"]
[BlackElo "1818"]
[PlyCount "112"]
[EventDate "2013.??.??"]
[WhiteTeam "SV Breitenworbis"]
[BlackTeam "SV Schmalkalden 04"]

1. e4 d5 2. exd5 Nf6 3. Nf3 Nxd5 4. d4 Nc6 5. h3 g6 6. c4 Nb6 7. Nc3 Bg7 8. Be3
O-O 9. Qd2 e5 10. d5 Na5 11. b3 e4 12. Nd4 c5 13. Nc2 Nd7 14. Bh6 Bxh6 15. Qxh6
f5 16. Be2 Qf6 17. Qd2 b6 18. O-O Nb7 19. f3 exf3 20. Bxf3 Ne5 21. Rae1 Nd6 22.
a4 Bd7 23. Bd1 Rae8 24. Re2 Re7 25. Ne1 Rfe8 26. Nd3 Nxd3 27. Qxd3 Qg5 28. Rfe1
Kf7 29. Rxe7+ Rxe7 30. Rxe7+ Qxe7 31. Bf3 Qe1+ 32. Kh2 Qe5+ 33. g3 Qe1 34. Bg2
Kf6 35. Qf3 Qd2 36. Qf4 Qxf4 37. gxf4 g5 38. Kg3 h6 39. Bf3 Be8 40. Bd1 a5 41.
Bf3 Bd7 42. Bh5 Bc8 43. Kf3 Bd7 44. Ke3 Bc8 45. Bf3 Bd7 46. Ne2 Be8 47. Nc1 Bd7
48. Nd3 Bc8 49. Ne5 Nf7 50. Nxf7 Kxf7 51. Bh5+ Kf6 52. Be8 Ke7 53. Bh5 Bd7 54.
Kf3 Kf6 55. Kg3 Kg7 56. Be2 Kf6 1/2-1/2

[Event "Landesklasse West 2012/2013"]
[Site "?"]
[Date "2013.01.06"]
[Round "5"]
[White "Burkhardt, Christian"]
[Black "Biel, Peter"]
[Result "0-1"]
[WhiteElo "1717"]
[BlackElo "1665"]
[PlyCount "64"]
[EventDate "2013.??.??"]
[WhiteTeam "SV Schmalkalden 04"]
[BlackTeam "SV Breitenworbis"]

1. d4 d5 2. c4 e6 3. Nc3 Nf6 4. Bg5 Be7 5. e3 O-O 6. Nf3 h6 7. Bh4 Re8 8. Qc2
b6 9. Ne5 Bb7 10. f3 Nbd7 11. Nxd7 Nxd7 12. Bf2 Rc8 13. b3 c5 14. Be2 cxd4 15.
exd4 Ba6 16. Nd1 Bb4+ 17. Kf1 e5 18. Nb2 e4 19. fxe4 dxe4 20. Be3 f5 21. a3 Bd6
22. g3 g5 23. Bh5 Rf8 24. Ke2 Nf6 25. Bg6 Nd5 26. Raf1 Qd7 27. Kd2 Be5 28. Bxf5
Rxf5 29. Qxe4 Nxe3 30. Kxe3 Bxd4+ 31. Qxd4 Re8+ 32. Kd3 Rd5 0-1

[Event "Landesklasse West 2012/2013"]
[Site "?"]
[Date "2013.01.06"]
[Round "5"]
[White "Vergin, Marcel"]
[Black "Weigend, Joachim"]
[Result "0-1"]
[WhiteElo "1565"]
[BlackElo "1777"]
[PlyCount "78"]
[EventDate "2013.??.??"]
[WhiteTeam "SV Breitenworbis"]
[BlackTeam "SV Schmalkalden 04"]

1. d4 d5 2. e3 Nf6 3. Bd3 c5 4. c3 Nc6 5. f4 e6 6. Nd2 Bd6 7. Nh3 O-O 8. Qf3
Qc7 9. g4 cxd4 10. exd4 g6 11. Nf1 Re8 12. Nf2 e5 13. fxe5 Bxe5 14. Kd1 Ne4 15.
Be3 Nxf2+ 16. Bxf2 Bg7 17. Nd2 Bh6 18. h3 Be6 19. Bh4 a6 20. g5 Bg7 21. Bg3 Qd7
22. Bf4 b5 23. Nb3 Bf8 24. a3 Qb7 25. Qf1 Qc8 26. Kd2 Bf5 27. Qf3 Bxd3 28. Qxd3
Re4 29. Bh2 Qf5 30. Rhf1 Qxg5+ 31. Kd1 Rae8 32. Bg3 Re3 33. Qd2 Qxg3 34. Nc1
Qxh3 35. Qf2 Qe6 36. Kc2 Qe4+ 37. Kd1 f5 38. Kd2 Na5 39. Kd1 Nc4 0-1

[Event "Landesklasse West 2012/2013"]
[Site "?"]
[Date "2013.01.06"]
[Round "5"]
[White "Röder, Detlef"]
[Black "Hermann, Frank"]
[Result "1-0"]
[WhiteElo "1629"]
[BlackElo "1503"]
[PlyCount "25"]
[EventDate "2013.??.??"]
[WhiteTeam "SV Schmalkalden 04"]
[BlackTeam "SV Breitenworbis"]

1. e4 e5 2. Nf3 Nc6 3. Bc4 Nf6 4. Ng5 d5 5. exd5 Nxd5 6. Nxf7 Kxf7 7. Qf3+ Ke6
8. Nc3 Ncb4 9. Kd1 c6 10. Ne4 Qh4 11. d4 Ke7 12. Bg5+ Nf6 13. Bxh4 1-0

[Event "Landesklasse West 2012/2013"]
[Site "?"]
[Date "2013.01.06"]
[Round "5"]
[White "Geißhirt, Marco"]
[Black "Rockstuhl, Reiner"]
[Result "1/2-1/2"]
[WhiteElo "1905"]
[BlackElo "1775"]
[PlyCount "47"]
[EventDate "2013.??.??"]
[WhiteTeam "SG Barchfeld/Breitungen"]
[BlackTeam "Schachclub 1998 Gotha"]

1. e4 d5 2. Nc3 e6 3. d4 Nf6 4. Bg5 Be7 5. exd5 exd5 6. Qd2 c6 7. f3 Be6 8. Nh3
Bxh3 9. gxh3 Nh5 10. Bxe7 Qxe7+ 11. Qe2 Qxe2+ 12. Nxe2 Nd7 13. Rg1 O-O-O 14.
Ng3 Nxg3 15. hxg3 Rde8+ 16. Kd2 Re7 17. Re1 Rhe8 18. Rxe7 Rxe7 19. b3 Kc7 20.
Bd3 h6 21. g4 g6 22. f4 Nf6 23. f5 g5 24. c4 1/2-1/2

[Event "Landesklasse West 2012/2013"]
[Site "?"]
[Date "2013.01.06"]
[Round "5"]
[White "Lutzkat, Ulrich"]
[Black "Kaiser, Andre"]
[Result "1-0"]
[WhiteElo "2005"]
[BlackElo "1841"]
[PlyCount "71"]
[EventDate "2013.??.??"]
[WhiteTeam "Schachclub 1998 Gotha"]
[BlackTeam "SG Barchfeld/Breitungen"]

1. e4 c5 2. Nf3 d6 3. Bb5+ Bd7 4. a4 Nf6 5. e5 dxe5 6. Nxe5 Bxb5 7. axb5 Nbd7
8. Nc4 Nb6 9. Na5 Qd5 10. O-O e6 11. Nc3 Qd7 12. Qf3 Rb8 13. d3 Bd6 14. Bg5
Nfd5 15. Ne4 Be7 16. Bxe7 Qxe7 17. Nc4 Nxc4 18. dxc4 Nb6 19. Rxa7 O-O 20. b3
Ra8 21. Rxa8 Rxa8 22. Qe3 Nd7 23. Rd1 b6 24. f3 Nf6 25. Qf4 Nxe4 26. Qxe4 Rd8
27. Rd3 g6 28. Kf2 Qg5 29. g3 Rxd3 30. Qxd3 Qc1 31. Kg2 Kg7 32. b4 cxb4 33. c5
bxc5 34. b6 Qa3 35. b7 Qa7 36. Qb5 1-0

[Event "Landesklasse West 2012/2013"]
[Site "?"]
[Date "2013.01.06"]
[Round "5"]
[White "Rommel, Uwe"]
[Black "Manger, Hans-Gerald"]
[Result "1-0"]
[WhiteElo "1875"]
[BlackElo "1841"]
[PlyCount "73"]
[EventDate "2013.??.??"]
[WhiteTeam "SG Barchfeld/Breitungen"]
[BlackTeam "Schachclub 1998 Gotha"]

1. e4 c5 2. Nf3 e6 3. d4 cxd4 4. Nxd4 a6 5. Nc3 Qc7 6. Be2 Nf6 7. O-O Nc6 8.
Be3 Be7 9. f4 d6 10. Kh1 O-O 11. Qe1 e5 12. Nf5 Bxf5 13. exf5 Nb4 14. Qd2 d5
15. fxe5 Qxe5 16. Bd4 Qd6 17. Rad1 Rad8 18. Bf3 Rd7 19. a3 Nc6 20. Bxf6 Bxf6
21. Nxd5 Be5 22. f6 Rfd8 23. fxg7 Qg6 24. c4 Kxg7 25. Rfe1 f6 26. Re4 f5 27.
Rh4 h6 28. b3 Bf6 29. Rh3 Re8 30. Rg3 Bg5 31. Qc3+ Kf7 32. h4 Bf6 33. Rxg6 Bxc3
34. Rxc6 bxc6 35. Bh5+ Kf8 36. Bxe8 Rg7 37. Nxc3 1-0

[Event "Landesklasse West 2012/2013"]
[Site "?"]
[Date "2013.01.06"]
[Round "5"]
[White "Fiensch, Günter"]
[Black "Reum, Lutz"]
[Result "1-0"]
[WhiteElo "1957"]
[BlackElo "1855"]
[PlyCount "107"]
[EventDate "2013.??.??"]
[WhiteTeam "Schachclub 1998 Gotha"]
[BlackTeam "SG Barchfeld/Breitungen"]

1. e4 c6 2. d4 d5 3. exd5 cxd5 4. Bd3 Nc6 5. c3 Qc7 6. Ne2 e5 7. dxe5 Nxe5 8.
Bb5+ Nc6 9. Bf4 Bd6 10. Bxd6 Qxd6 11. O-O Nf6 12. Nd2 Qc7 13. Nd4 O-O 14. N2f3
Bd7 15. Bd3 Rfe8 16. Qc2 Rac8 17. Rfe1 g6 18. h3 Nh5 19. Rxe8+ Rxe8 20. Qd2 Nf4
21. Bf1 Kg7 22. Re1 Rxe1 23. Qxe1 Nxd4 24. Nxd4 Qd6 25. Qe3 a6 26. Nf3 f6 27.
Qd4 Ne6 28. Qd2 Bc6 29. Nd4 Nxd4 30. Qxd4 Qe5 31. g3 Kf7 32. Qxe5 fxe5 33. f4
Ke6 34. Kf2 exf4 35. gxf4 h6 36. Ke3 a5 37. Kd4 b6 38. h4 Be8 39. Bh3+ Kd6 40.
b4 Bb5 41. a3 Bc4 42. bxa5 bxa5 43. Bg4 Bf1 44. Bf3 Bc4 45. Bd1 Bb5 46. Bc2 Be8
47. Bd3 Bf7 48. Bb5 Be6 49. Be8 Bf5 50. Bf7 Be4 51. c4 Bc2 52. Bxd5 Bf5 53. c5+
Kc7 54. Ke5 1-0

[Event "Landesklasse West 2012/2013"]
[Site "?"]
[Date "2013.01.06"]
[Round "5"]
[White "Crivellaro, Heiko"]
[Black "Wenke, Robert"]
[Result "1-0"]
[WhiteElo "1815"]
[BlackElo "1543"]
[PlyCount "81"]
[EventDate "2013.??.??"]
[WhiteTeam "SG Barchfeld/Breitungen"]
[BlackTeam "Schachclub 1998 Gotha"]

1. f4 d5 2. Nf3 c5 3. e3 Nc6 4. Be2 Nf6 5. O-O h6 6. a3 Qc7 7. Qe1 Bf5 8. d3 e6
9. Kh1 Bd6 10. Bd1 g5 11. Nc3 gxf4 12. Nb5 Qe7 13. Nxd6+ Qxd6 14. e4 dxe4 15.
dxe4 Bxe4 16. Nd2 Bd5 17. c4 Bxg2+ 18. Kxg2 O-O-O 19. Qf2 e5 20. Bf3 Nd4 21.
Kh1 Nd7 22. Ne4 Qe6 23. b4 f5 24. Nxc5 Nxc5 25. bxc5 Qxc4 26. Bg2 Qxc5 27. Bxf4
Qe7 28. Rac1+ Kb8 29. Rfe1 Rhe8 30. Rxe5 Qxe5 31. Bxe5+ Rxe5 32. Rd1 Rde8 33.
Qxd4 Re1+ 34. Rxe1 Rxe1+ 35. Bf1 Rxf1+ 36. Kg2 Rc1 37. Qf4+ Rc7 38. Qxh6 Rc2+
39. Kf1 a6 40. Qf4+ Ka7 41. h4 1-0

[Event "Landesklasse West 2012/2013"]
[Site "?"]
[Date "2013.01.06"]
[Round "5"]
[White "Müller, Martin"]
[Black "Heß, Wolfgang"]
[Result "1/2-1/2"]
[WhiteElo "1375"]
[BlackElo "1742"]
[PlyCount "36"]
[EventDate "2013.??.??"]
[WhiteTeam "Schachclub 1998 Gotha"]
[BlackTeam "SG Barchfeld/Breitungen"]

1. d4 d5 2. c4 e6 3. Nc3 Nf6 4. Bg5 Be7 5. e3 c6 6. Bd3 Nbd7 7. Nf3 O-O 8. O-O
b6 9. cxd5 exd5 10. Rc1 Bb7 11. Bxf6 Nxf6 12. a3 Re8 13. Re1 Bd6 14. e4 dxe4
15. Nxe4 h6 16. Nxf6+ Qxf6 17. Be4 Rad8 18. Qa4 Bb8 1/2-1/2

[Event "Landesklasse West 2012/2013"]
[Site "?"]
[Date "2013.01.06"]
[Round "5"]
[White "Abe, Rico"]
[Black "Langlotz, Tobias"]
[Result "1-0"]
[WhiteElo "1709"]
[BlackElo "1130"]
[PlyCount "119"]
[EventDate "2013.??.??"]
[WhiteTeam "SG Barchfeld/Breitungen"]
[BlackTeam "Schachclub 1998 Gotha"]

1. e4 b6 2. d4 e6 3. Nf3 Bb7 4. Bd3 c5 5. c3 d6 6. O-O Be7 7. Re1 cxd4 8. cxd4
Nf6 9. Qc2 Qc8 10. Nc3 h6 11. Bd2 Nbd7 12. Rac1 e5 13. Nb5 Qxc2 14. Rxc2 O-O
15. Rc7 Ba6 16. a4 Rfe8 17. Bf1 Rec8 18. Rxa7 Rxa7 19. Nxa7 Ra8 20. Nc6 Bxf1
21. Kxf1 Kf8 22. b3 exd4 23. Nfxd4 d5 24. Nxe7 Kxe7 25. exd5+ Kd6 26. Nf5+ Kxd5
27. Nxg7 Nc5 28. Bxh6 Nxb3 29. Be3 Kc6 30. Rb1 Nc5 31. Bxc5 bxc5 32. Ra1 c4 33.
Nf5 Ra5 34. Ne3 Nd5 35. Nxd5 Kxd5 36. Ke2 Kd4 37. Kd2 Ra6 38. Kc2 Ra7 39. a5 f6
40. a6 f5 41. h4 Ke5 42. Kc3 Kf4 43. g3+ Kg4 44. Kxc4 f4 45. gxf4 Kxf4 46. h5
Kg5 47. Ra5+ Kh6 48. Kb5 Ra8 49. a7 Rxa7 50. Rxa7 Kxh5 51. Rg7 Kh6 52. Rg1 Kh5
53. f4 Kh6 54. f5 Kh7 55. f6 Kh8 56. f7 Kh7 57. Rg8 Kh6 58. f8=Q+ Kh5 59. Qf5+
Kh6 60. Qg6# 1-0

[Event "Landesklasse West 2012/2013"]
[Site "?"]
[Date "2013.01.06"]
[Round "5"]
[White "Manger, Erika"]
[Black "Kleinsteuber, Erik"]
[Result "1/2-1/2"]
[WhiteElo "1399"]
[BlackElo "1672"]
[PlyCount "49"]
[EventDate "2013.??.??"]
[WhiteTeam "Schachclub 1998 Gotha"]
[BlackTeam "SG Barchfeld/Breitungen"]

1. c4 e6 2. g3 d5 3. cxd5 exd5 4. d4 Nf6 5. Bg2 Be7 6. e3 O-O 7. Ne2 b6 8. O-O
Bb7 9. Nbc3 Re8 10. b3 a6 11. Bb2 Bd6 12. Qd3 Qd7 13. Rfe1 Qe6 14. Kf1 Nbd7 15.
Nf4 Bxf4 16. exf4 Qd6 17. a3 a5 18. Nb5 Ba6 19. Kg1 Qc6 20. a4 Qb7 21. Qc2 c6
22. Nd6 Rxe1+ 23. Rxe1 Qc7 24. Nf5 Bb7 25. Ba3 1/2-1/2

[Event "Landesklasse West 2012/2013"]
[Site "?"]
[Date "2013.01.06"]
[Round "5"]
[White "Essegern, Kurt"]
[Black "Kachel, Alfred"]
[Result "1-0"]
[WhiteElo "1952"]
[BlackElo "1956"]
[PlyCount "59"]
[EventDate "2013.??.??"]
[WhiteTeam "Randspringer Bad Salzungen"]
[BlackTeam "Schachclub Rochade Leinefelde"]

1. e4 c6 2. d4 g6 3. Nc3 Bg7 4. Nf3 d6 5. h3 Nf6 6. Be3 b5 7. e5 Nfd7 8. exd6
exd6 9. Ne4 Qe7 10. Ng3 O-O 11. Qd2 Nb6 12. O-O-O Be6 13. Bh6 a5 14. h4 f6 15.
Re1 Re8 16. h5 N8d7 17. hxg6 hxg6 18. Rxe6 Qxe6 19. Bxg7 Kxg7 20. Qh6+ Kf7 21.
Bd3 Rg8 22. Re1 Qxa2 23. Ne4 Qd5 24. Neg5+ fxg5 25. Nxg5+ Kf6 26. Nh7+ Kf7 27.
Qf4+ Kg7 28. Re7+ Kh8 29. Nf6 Rg7 30. Qh6+ 1-0

[Event "Landesklasse West 2012/2013"]
[Site "?"]
[Date "2013.01.06"]
[Round "5"]
[White "Ziegenfuß, Holger"]
[Black "Hübschmann, Holger"]
[Result "1/2-1/2"]
[WhiteElo "1895"]
[BlackElo "1903"]
[PlyCount "22"]
[EventDate "2013.??.??"]
[WhiteTeam "Schachclub Rochade Leinefelde"]
[BlackTeam "Randspringer Bad Salzungen"]

1. e4 c6 2. d4 g6 3. f4 d6 4. Nf3 Bg7 5. h3 Nd7 6. Be2 Ngf6 7. e5 Ne4 8. O-O
Ng3 9. Rf2 Ne4 10. Rf1 Ng3 11. Rf2 Ne4 1/2-1/2

[Event "Landesklasse West 2012/2013"]
[Site "?"]
[Date "2013.01.06"]
[Round "5"]
[White "Pfitzenreuter, Gerald"]
[Black "Roth, Ralf"]
[Result "1/2-1/2"]
[WhiteElo "1901"]
[BlackElo "1849"]
[PlyCount "30"]
[EventDate "2013.??.??"]
[WhiteTeam "Schachclub Rochade Leinefelde"]
[BlackTeam "Randspringer Bad Salzungen"]

1. d4 Nf6 2. c4 d6 3. Nc3 g6 4. e4 Bg7 5. f3 O-O 6. Bg5 h6 7. Be3 e5 8. Nge2
Nc6 9. Qd2 exd4 10. Nxd4 Nxd4 11. Bxd4 Nd7 12. O-O-O Ne5 13. f4 Nc6 14. Bxg7
Kxg7 15. Be2 f5 1/2-1/2

[Event "Landesklasse West 2012/2013"]
[Site "?"]
[Date "2013.01.06"]
[Round "5"]
[White "Essegern, Uwe"]
[Black "Müller, Sebastian"]
[Result "1/2-1/2"]
[WhiteElo "1836"]
[BlackElo "1897"]
[PlyCount "72"]
[EventDate "2013.??.??"]
[WhiteTeam "Randspringer Bad Salzungen"]
[BlackTeam "Schachclub Rochade Leinefelde"]

1. e4 e6 2. d4 d5 3. e5 c5 4. c3 Nc6 5. Nf3 Qb6 6. a3 c4 7. Nbd2 Na5 8. Rb1 Bd7
9. Be2 Be7 10. h4 h6 11. h5 Rc8 12. g3 Rc7 13. Kf1 Bf8 14. Kg2 Ne7 15. Nh4 Nb3
16. Nxb3 Ba4 17. Qf1 Bxb3 18. Bd1 Nc6 19. Bxb3 Qxb3 20. Be3 Na5 21. Qd1 Qxd1
22. Rhxd1 Be7 23. Kh3 Nb3 24. f4 b5 25. Rf1 Bxh4 26. Kxh4 g6 27. g4 a5 28. f5
exf5 29. gxf5 g5+ 30. Kg4 Rc6 31. Rbe1 O-O 32. f6 Re6 33. Kf5 Kh7 34. Re2 b4
35. Rg1 bxc3 36. bxc3 Rg8 1/2-1/2

[Event "Landesklasse West 2012/2013"]
[Site "?"]
[Date "2013.01.06"]
[Round "5"]
[White "Petiko, Jakob"]
[Black "Feldmann, Bernd"]
[Result "1-0"]
[WhiteElo "1899"]
[BlackElo "1817"]
[PlyCount "76"]
[EventDate "2013.??.??"]
[WhiteTeam "Schachclub Rochade Leinefelde"]
[BlackTeam "Randspringer Bad Salzungen"]

1. e4 e6 2. d3 d5 3. Nd2 Nf6 4. Ngf3 b6 5. c3 Ba6 6. e5 Nfd7 7. Be2 Be7 8. Qa4
c5 9. Qg4 g6 10. c4 f5 11. exf6 Nxf6 12. Qxe6 Bc8 13. Qe5 Nc6 14. Qc3 O-O 15.
O-O d4 16. Qb3 Bf5 17. Re1 Kg7 18. Nf1 Bd6 19. h3 Qd7 20. N1h2 Rae8 21. Bd2 Qc7
22. Bf1 h6 23. g4 Bc8 24. Bg2 h5 25. g5 Nd7 26. Rxe8 Rxe8 27. Re1 Rf8 28. Qd1
Bxh2+ 29. Nxh2 Nde5 30. Qe2 Bf5 31. Bf4 Bxd3 32. Bxe5+ Qxe5 33. Qxe5+ Nxe5 34.
Rxe5 Bxc4 35. b3 Bb5 36. Bd5 Rd8 37. Nf3 Bd7 38. Re7+ Kh8 1-0

[Event "Landesklasse West 2012/2013"]
[Site "?"]
[Date "2013.01.06"]
[Round "5"]
[White "Kunze, Heinz"]
[Black "Seeboth, Paul"]
[Result "0-1"]
[WhiteElo "1733"]
[BlackElo "1806"]
[PlyCount "46"]
[EventDate "2013.??.??"]
[WhiteTeam "Randspringer Bad Salzungen"]
[BlackTeam "Schachclub Rochade Leinefelde"]

1. e4 c6 2. d4 d5 3. e5 Bf5 4. Ne2 e6 5. Ng3 Bg6 6. h4 f6 7. h5 Bf7 8. Bf4 Qb6
9. b3 c5 10. exf6 Nxf6 11. dxc5 Bxc5 12. Qd2 Nbd7 13. a4 Ng4 14. f3 Ne3 15. a5
Nxf1 16. Nxf1 Qc6 17. b4 Be7 18. Ne3 Rc8 19. Kd1 e5 20. Bg3 Be6 21. Ng4 Bxg4
22. fxg4 Qc4 23. Qe2 Qd4+ 0-1